=LDR 00000nam 2200000 4500 =001 INLIS000000000040390 =005 20130612145945 =008 ***********************************ind** =035 ##$$a0010-061300000040390 =041 ##$$a ind =082 ##$$a 813 =090 ##$$a 813, Dea k =100 ##$$a DEAVER, Jeffery =245 ##$$a Kartu kedua belas, Jeffery deaver;Alih bahasa, Sendra b. tanuwijaya =260 ##$$a 2009 $b Jakarta =300 ##$$a 671 Hlm, 18 cm =650 ##$$a FIKSI =700 ##$$a TANUWIJAYA, Sendra B =850 ##$$a NBPNMAT =990 ##$$a 0001/BPAP-NTB/20142014